| 000 | 01255 a2200253 4500 | ||
|---|---|---|---|
| 003 | Nust | ||
| 005 | 20221129140745.0 | ||
| 010 | _a 97037609 | ||
| 020 | _a0070674914 | ||
| 040 | _cNust | ||
| 082 | 0 | 0 | _a519.202462 |
| 100 | 1 |
_aViniotis, Yannis. _964006 |
|
| 245 | 1 | 0 |
_aProbability and random processes for electrical engineers / _cYannis Viniotis. |
| 260 |
_aBoston : _bWCB/McGraw-Hill, _cc1998. |
||
| 300 |
_axviii, 676 p. : _bill. ; _c25 cm. |
||
| 440 | 0 |
_aMcGraw-Hill series in electrical and computer engineering. _934577 |
|
| 505 | _aIntroduction (Page-1), Basic Concepts (Page-23), Concept of a Random Variable (Page-67), A Vector Random Variable (Page-195), Introduction to Estimation (Page-303), Sequnces of (IID) Random Variables (Page-333), Random Processes (Page-387), Poisson and Gaussian Random Process (Page-439), Processing of Random Processes (Page-475), Markov Chains (Page-527), Case Study (Page-595). | ||
| 650 | 0 |
_aElectrical engineering _xMathematics. _955701 |
|
| 650 | 0 | _aProbabilities. | |
| 650 | 0 | _aStochastic processes. | |
| 856 | 4 | 2 |
_3Publisher description _uhttp://www.loc.gov/catdir/description/mh023/97037609.html |
| 856 | 4 | 2 |
_3Table of contents _uhttp://www.loc.gov/catdir/toc/mh022/97037609.html |
| 942 |
_cREF _2ddc |
||
| 999 |
_c174783 _d174783 |
||